[Event "Titled Tue 20th May Early"]
[Site "chess.com INT"]
[Date "2025.05.20"]
[Round "4"]
[White "Piesik, Piotr"]
[Black "Vokhidov, Shamsiddin"]
[Result "0-1"]
[WhiteTitle "IM"]
[BlackTitle "GM"]
[WhiteElo "2436"]
[BlackElo "2641"]
[WhiteFideId "1136194"]
[BlackFideId "14204223"]
[EventDate "2025.05.20"]

1. Nf3 Nf6 2. g3 c5 3. Bg2 Nc6 4. O-O g6 5. c3 d5 6. d4 cxd4 7. cxd4 Ne4 8. Nc3
Nxc3 9. bxc3 Bg7 10. Nd2 O-O 11. Qb3 e6 12. e4 dxe4 13. Nxe4 Na5 14. Qb4 b6 15.
Bg5 Qc7 16. Nf6+ Bxf6 17. Bxf6 Bb7 18. Bxb7 Nxb7 19. Rad1 Rac8 20. d5 exd5 21.
Qh4 Qc6 22. Rxd5 Nc5 23. Rh5 Ne4 24. Bd4 gxh5 25. Re1 Rfe8 26. Qxh5 Qg6 27. Qd5
Ng5 28. Rd1 Rcd8 29. Qb7 Qe4 0-1

[Event "Titled Tue 20th May Early"]
[Site "chess.com INT"]
[Date "2025.05.20"]
[Round "4"]
[White "Herrera Ortiz, Miguel"]
[Black "Modric, Nesa"]
[Result "1-0"]
[WhiteTitle "IM"]
[BlackTitle "CM"]
[WhiteElo "2174"]
[BlackElo "2088"]
[WhiteFideId "5100550"]
[BlackFideId "922579"]
[EventDate "2025.05.20"]

1. c4 c6 2. Nf3 d5 3. g3 Nf6 4. b3 e6 5. Bb2 Bd6 6. Bg2 O-O 7. O-O Nbd7 8. d3 a6
9. Nbd2 Qe7 10. Rb1 e5 11. e4 dxe4 12. dxe4 a5 13. Nh4 Nc5 14. Qe2 g6 15. h3 Na6
16. Rbd1 Ba3 17. Ba1 Nb4 18. Nb1 Na6 19. Nxa3 Qxa3 20. Bxe5 Qe7 21. Ba1 a4 22.
Qb2 Kg7 23. Rd3 Nc5 24. Rf3 Nxe4 25. Re1 a3 26. Qe5 Qxe5 27. Bxe5 Re8 28. Rxe4 1-0

[Event "Titled Tue 20th May Early"]
[Site "chess.com INT"]
[Date "2025.05.20"]
[Round "4"]
[White "Berg, Vadim Daskevich"]
[Black "Boramanikar, Tanisha S"]
[Result "0-1"]
[WhiteTitle "IM"]
[BlackTitle "WCM"]
[WhiteElo "2445"]
[BlackElo "1743"]
[WhiteFideId "11601965"]
[BlackFideId "35023454"]
[EventDate "2025.05.20"]

1. e4 c5 2. Nf3 d6 3. Bb5+ Bd7 4. Bxd7+ Nxd7 5. O-O g6 6. c3 Bg7 7. d4 cxd4 8.
cxd4 Ngf6 9. Nc3 O-O 10. h3 Rc8 11. Be3 Nb6 12. Qe2 Nc4 13. Bg5 h6 14. Bh4 Qb6
15. b3 Na5 16. Rac1 Qb4 17. Bxf6 Bxf6 18. Nd5 Qa3 19. Rxc8 Rxc8 20. e5 dxe5 21.
dxe5 Bg7 22. e6 f5 23. Nh4 Kh7 24. Rd1 Rc1 25. Rxc1 Qxc1+ 26. Kh2 Nc6 27. g3 Qc5
28. Qd2 Nd4 29. Nf4 g5 30. Nd3 Qd5 31. Nb4 Qxe6 32. Qe3 gxh4 0-1

[Event "Titled Tue 20th May Early"]
[Site "chess.com INT"]
[Date "2025.05.20"]
[Round "4"]
[White "Darmanin, Jake"]
[Black "Kiran, Manisha Mohanty"]
[Result "1-0"]
[WhiteTitle "CM"]
[BlackTitle "WGM"]
[WhiteElo "2065"]
[BlackElo "2031"]
[WhiteFideId "5601061"]
[BlackFideId "5019575"]
[EventDate "2025.05.20"]

1. e4 c5 2. Nf3 d6 3. c3 Nf6 4. Be2 e5 5. O-O Be7 6. d3 O-O 7. Nbd2 Nc6 8. Re1
Qc7 9. Nf1 d5 10. Ng3 dxe4 11. dxe4 Be6 12. Qc2 Rac8 13. Nh4 Rfd8 14. Nhf5 Bf8
15. Bg5 Bxf5 16. Nxf5 Be7 17. Bc4 g6 18. Nh6+ Kg7 19. Nxf7 Na5 20. Nxd8 Rxd8 21.
Bf1 c4 22. Rad1 Rf8 23. Qa4 b6 24. Bxf6+ Rxf6 25. Rd7 Qc5 26. Re2 Kh6 27. b4
cxb3 28. axb3 Bf8 29. b4 Qc4 30. Re3 Qc6 31. Qxc6 Nxc6 32. Rh3+ Kg5 33. Rhxh7 a5
34. g3 axb4 35. h4+ Kg4 36. Kg2 Rxf2+ 37. Kxf2 bxc3 38. Kg2 Nd4 39. Rxd4 exd4
40. Be2# 1-0

[Event "Titled Tue 20th May Early"]
[Site "chess.com INT"]
[Date "2025.05.20"]
[Round "4"]
[White "Vyom Malhotra"]
[Black "Wu, Derek"]
[Result "0-1"]
[WhiteTitle "CM"]
[BlackTitle "FM"]
[WhiteElo "1975"]
[BlackElo "2232"]
[WhiteFideId "33383561"]
[BlackFideId "30914558"]
[EventDate "2025.05.20"]

1. e4 e5 2. Nf3 Nc6 3. c3 Nf6 4. d4 exd4 5. e5 Nd5 6. cxd4 Bb4+ 7. Bd2 Bxd2+ 8.
Qxd2 d6 9. Bc4 Nb6 10. Bb3 O-O 11. exd6 Qxd6 12. O-O Bg4 13. Ne5 Nxe5 14. dxe5
Qxe5 15. Re1 Qf6 16. Nc3 Rad8 17. Qe3 Bf5 18. Qf3 c6 19. Ne4 Bxe4 20. Qxf6 gxf6
21. Rxe4 Rfe8 22. Rxe8+ Rxe8 23. Kf1 Kf8 24. Rd1 a5 25. a4 Re4 26. Rd8+ Kg7 27.
Rb8 Rb4 28. Bd1 Nd7 29. b3 Nxb8 30. Ke2 Na6 31. Kd3 Nc5+ 32. Kc3 Ne4+ 33. Kd3
Nxf2+ 34. Ke2 Nxd1 35. Kxd1 Rxb3 36. Kc2 Rb4 37. Kd2 Kg6 38. Kd3 Rxa4 39. Kc3
Rb4 40. Kd3 c5 41. Ke3 a4 42. g4 a3 43. g5 a2 44. h4 a1=Q 45. h5+ Kf5 46. g6
Qa3+ 47. Kf2 Rb2+ 48. Ke1 Qa1# 0-1

[Event "Titled Tue 20th May Early"]
[Site "chess.com INT"]
[Date "2025.05.20"]
[Round "4"]
[White "Behzad Nazif, Parva"]
[Black "Bozorov, Javohir"]
[Result "1-0"]
[WhiteTitle "WIM"]
[BlackTitle "FM"]
[WhiteElo "2090"]
[BlackElo "2093"]
[WhiteFideId "12563790"]
[BlackFideId "14216957"]
[EventDate "2025.05.20"]

1. e4 c5 2. Nf3 d6 3. Bb5+ Bd7 4. Bxd7+ Qxd7 5. O-O Nf6 6. Re1 Nc6 7. c3 g6 8.
d4 cxd4 9. cxd4 Bg7 10. Nc3 O-O 11. Bg5 Rac8 12. e5 dxe5 13. dxe5 Qxd1 14. Raxd1
Ng4 15. Nd5 e6 16. Nf6+ Bxf6 17. exf6 Rfd8 18. Rxd8+ Rxd8 19. h3 Nge5 20. Nxe5
Nxe5 21. Rxe5 Rd1+ 22. Kh2 Kf8 23. Rc5 Ke8 24. Rc7 Rd5 25. Be3 Rb5 26. b3 a5 27.
Re7+ Kd8 28. Rxf7 Rf5 29. Bh6 Rxf2 30. Bg7 Ke8 31. Re7+ Kd8 32. Rxb7 Rxa2 1-0

[Event "Titled Tue 20th May Early"]
[Site "chess.com INT"]
[Date "2025.05.20"]
[Round "4"]
[White "Iskusnyh, Sergei"]
[Black "Dreelinck, Jacob"]
[Result "1-0"]
[WhiteTitle "GM"]
[BlackTitle "FM"]
[WhiteElo "2440"]
[BlackElo "2252"]
[WhiteFideId "4120027"]
[BlackFideId "250511"]
[EventDate "2025.05.20"]

1. d4 e6 2. c4 f5 3. g3 Nf6 4. Nf3 g6 5. Bg2 Bg7 6. O-O O-O 7. b4 d6 8. Bb2 Ne4
9. Nbd2 d5 10. c5 Nd7 11. Nb3 Qe7 12. b5 Nexc5 13. Nxc5 Nxc5 14. Ba3 b6 15. Rc1
Bd7 16. dxc5 Bxb5 17. Qb3 Bxe2 18. cxb6 c5 19. Bxc5 Qb7 20. Bxf8 Bxf1 21. Bxg7
Bxg2 22. Rc7 Qxb6 23. Qxb6 axb6 24. Kxg2 Rxa2 25. Bf6 1-0

[Event "Titled Tue 20th May Early"]
[Site "chess.com INT"]
[Date "2025.05.20"]
[Round "4"]
[White "Emeliantsev, Anatoliy"]
[Black "Tologon tegin, Semetei"]
[Result "1-0"]
[WhiteTitle "FM"]
[BlackTitle "IM"]
[WhiteElo "2359"]
[BlackElo "2313"]
[WhiteFideId "4160681"]
[BlackFideId "13800574"]
[EventDate "2025.05.20"]

1. d4 g6 2. c4 Bg7 3. Nc3 e6 4. e4 Ne7 5. Nf3 d5 6. cxd5 exd5 7. exd5 Nxd5 8.
Bc4 Nxc3 9. bxc3 O-O 10. O-O Nd7 11. Ba3 c5 12. dxc5 Bxc3 13. Rc1 Qa5 14. Qb3
Bg7 15. c6 bxc6 16. Bxf8 Nxf8 17. Bxf7+ Kh8 18. Rfe1 Bg4 19. Re8 1-0

[Event "Titled Tue 20th May Early"]
[Site "chess.com INT"]
[Date "2025.05.20"]
[Round "4"]
[White "Wankhade Sanskruti"]
[Black "Nielsen-Refs, Karl-Emil Elmer"]
[Result "0-1"]
[WhiteTitle "WCM"]
[BlackTitle "CM"]
[WhiteElo "1869"]
[BlackElo "2095"]
[WhiteFideId "25063561"]
[BlackFideId "1452797"]
[EventDate "2025.05.20"]

1. c4 Nf6 2. g3 g6 3. Bg2 Bg7 4. Nc3 O-O 5. Nf3 c6 6. O-O d5 7. d3 Re8 8. Qb3 e5
9. cxd5 cxd5 10. Bg5 d4 11. Ne4 Be6 12. Qxb7 Nbd7 13. Qb6 Qxb6 14. Nxf6+ Bxf6
15. Bxf6 Nxf6 16. Nd2 Qxb2 17. Nb3 Bxb3 18. Rfb1 Qxe2 19. Rxb3 Rab8 20. Bf1 Qf3
21. Ra3 Rb2 22. Bg2 Qxf2+ 23. Kh1 Qxg2# 0-1

[Event "Titled Tue 20th May Early"]
[Site "chess.com INT"]
[Date "2025.05.20"]
[Round "4"]
[White "Hambardzumian, Yuri"]
[Black "Svetlov, Dmitry"]
[Result "0-1"]
[WhiteTitle "IM"]
[BlackTitle "IM"]
[WhiteElo "2301"]
[BlackElo "2335"]
[WhiteFideId "13302795"]
[BlackFideId "24102610"]
[EventDate "2025.05.20"]

1. e4 c5 2. Nf3 g6 3. d4 cxd4 4. Qxd4 Nf6 5. e5 Nc6 6. Qe3 Ng4 7. Qf4 Ngxe5 8.
Nxe5 Qa5+ 9. Bd2 Qxe5+ 10. Qxe5 Nxe5 11. Bc3 f6 12. Bxe5 fxe5 13. Nc3 e6 14.
O-O-O d5 15. Bb5+ Bd7 16. Bxd7+ Kxd7 17. Rhe1 Bd6 18. Rd3 e4 19. Rh3 Kc6 20. Ne2
Be5 21. f4 Bg7 22. g4 Rac8 23. Rf1 Rcf8 24. Ra3 a6 25. Ng3 Rxf4 26. Rxf4 Bh6 27.
Ne2 e5 28. Rc3+ Kd6 0-1

[Event "Titled Tue 20th May Early"]
[Site "chess.com INT"]
[Date "2025.05.20"]
[Round "4"]
[White "Srihari, L"]
[Black "Gunawardhana, Devindya Oshini"]
[Result "1-0"]
[WhiteTitle "IM"]
[BlackTitle "WIM"]
[WhiteElo "2353"]
[BlackElo "2068"]
[WhiteFideId "46642056"]
[BlackFideId "29941482"]
[EventDate "2025.05.20"]

1. c4 e5 2. Nc3 Nf6 3. g3 Nc6 4. Bg2 Bb4 5. e4 O-O 6. Nge2 d6 7. h3 Bc5 8. O-O
h6 9. d3 a5 10. Kh2 Be6 11. f4 Nd4 12. Nxd4 Bxd4 13. Ne2 Bb6 14. f5 Bd7 15. g4
c6 16. g5 hxg5 17. Ng3 d5 18. Bxg5 dxc4 19. Nh5 Nxh5 20. Bxd8 Raxd8 21. Qxh5 f6
22. dxc4 Be8 23. Qe2 Bf7 24. Bf3 Rd4 25. b3 Rfd8 26. Rad1 a4 27. Bh5 Bxh5 28.
Qxh5 axb3 29. axb3 Rd2+ 30. Rxd2 Rxd2+ 31. Kh1 Kf8 32. Qh8+ Kf7 33. Qc8 Bd4 34.
Qxb7+ Kg8 35. Rg1 Bxg1 36. Kxg1 Rd1+ 37. Kf2 Rd2+ 38. Ke3 Rh2 39. Qxc6 Rxh3+ 40.
Kd2 Rxb3 41. Qe6+ Kf8 42. c5 Rb8 43. c6 Re8 44. c7 1-0

[Event "Titled Tue 20th May Early"]
[Site "chess.com INT"]
[Date "2025.05.20"]
[Round "4"]
[White "Devaev, Alexander"]
[Black "Yushko, Olga"]
[Result "0-1"]
[WhiteTitle "FM"]
[BlackTitle "WFM"]
[WhiteElo "2306"]
[BlackElo "2036"]
[WhiteFideId "4169395"]
[BlackFideId "14114500"]
[EventDate "2025.05.20"]

1. d4 Nf6 2. c4 e6 3. Nc3 d5 4. Bg5 Nbd7 5. e3 Be7 6. Nf3 c6 7. Qc2 O-O 8. a3 h6
9. Bh4 b6 10. Bd3 Bb7 11. O-O c5 12. cxd5 Nxd5 13. Bxe7 Qxe7 14. e4 cxd4 15.
Nxd4 Nxc3 16. Qxc3 Rac8 17. Qb4 Nc5 18. Bc2 Qf6 19. Nb5 a5 20. Qe1 Qxb2 21. Qb1
Qxb1 22. Bxb1 Ba6 23. Nd6 Bxf1 24. e5 0-1

[Event "Titled Tue 20th May Early"]
[Site "chess.com INT"]
[Date "2025.05.20"]
[Round "4"]
[White "Weetik, Vjacheslav"]
[Black "Le, Tuan Minh"]
[Result "0-1"]
[WhiteTitle "FM"]
[BlackTitle "GM"]
[WhiteElo "2423"]
[BlackElo "2598"]
[WhiteFideId "4153472"]
[BlackFideId "12401153"]
[EventDate "2025.05.20"]

1. Nf3 d5 2. g3 g6 3. Bg2 Bg7 4. d4 c6 5. O-O Nf6 6. b3 O-O 7. Bb2 a5 8. c4 a4
9. cxd5 cxd5 10. bxa4 Qa5 11. Nc3 Nc6 12. Ne5 Rd8 13. e3 Be6 14. Nd3 Bf5 15. Nc5
Rab8 16. Qb3 b6 17. Nb5 bxc5 18. dxc5 Ne4 19. Bxg7 Kxg7 20. Rac1 Nd2 21. Qb2+ f6
22. Rfd1 Qxa4 23. Nc3 Qxd1+ 24. Nxd1 Rxb2 25. Nxb2 Be4 0-1

[Event "Titled Tue 20th May Early"]
[Site "chess.com INT"]
[Date "2025.05.20"]
[Round "4"]
[White "Paravyan, David"]
[Black "Navarro Lopez-Menchero, Daniel"]
[Result "1-0"]
[WhiteTitle "GM"]
[BlackTitle "FM"]
[WhiteElo "2596"]
[BlackElo "2240"]
[WhiteFideId "4194985"]
[BlackFideId "2297370"]
[EventDate "2025.05.20"]

1. c4 e6 2. Nc3 d5 3. cxd5 exd5 4. d4 Bb4 5. a3 Be7 6. Bf4 Nf6 7. e3 O-O 8. Bd3
c5 9. dxc5 Bxc5 10. Nf3 Nc6 11. O-O Bg4 12. h3 Bh5 13. Rc1 Bd6 14. Bxd6 Qxd6 15.
Nb5 Qe7 16. Be2 Rac8 17. Nfd4 Bg6 18. Qa4 Nxd4 19. Qxd4 a6 20. Rxc8 Rxc8 21. Nc3
Qc5 22. Rd1 Qxd4 23. Rxd4 Rc5 24. Bf3 h6 25. Bxd5 Nxd5 26. Rxd5 Rc7 27. e4 f6
28. f3 Bf7 29. Rd8+ Kh7 30. Kf2 Re7 31. g4 h5 32. Kg3 hxg4 33. hxg4 Bc4 34. f4
b5 35. f5 a5 36. Kf4 b4 37. axb4 axb4 38. Nd5 Rb7 39. g5 fxg5+ 40. Kxg5 b3 41.
Nf4 Rc7 42. Ng6 Bg8 43. Rd3 Rc2 44. Rh3# 1-0

[Event "Titled Tue 20th May Early"]
[Site "chess.com INT"]
[Date "2025.05.20"]
[Round "4"]
[White "Subervi, Jonathan Sigfredo"]
[Black "Zlatin, Alexander"]
[Result "0-1"]
[WhiteTitle "FM"]
[BlackTitle "FM"]
[WhiteElo "2039"]
[BlackElo "2306"]
[WhiteFideId "6400345"]
[BlackFideId "2810549"]
[EventDate "2025.05.20"]

1. e4 e6 2. d4 d5 3. Nd2 h6 4. Ngf3 Nf6 5. e5 Nfd7 6. c3 c5 7. Bd3 Nc6 8. O-O
Be7 9. Re1 a6 10. Nf1 b5 11. Ng3 Qb6 12. Be3 Bb7 13. dxc5 Bxc5 14. Bxc5 Nxc5 15.
Nh5 O-O-O 16. Nxg7 h5 17. Nd4 Rdg8 18. Nxh5 Nxd3 19. Qxd3 Rxh5 20. Qf3 Nxd4 21.
Qxh5 Nf5 22. Qxf7 Rg7 23. Qe8+ Kc7 24. a4 d4 25. cxd4 Rxg2+ 26. Kf1 Qxd4 27.
Rec1+ Kb6 28. axb5 Qxf2# 0-1

[Event "Titled Tue 20th May Early"]
[Site "chess.com INT"]
[Date "2025.05.20"]
[Round "4"]
[White "Trifan, Andrei Ioan"]
[Black "Jiganchine, Roman"]
[Result "1-0"]
[WhiteTitle "FM"]
[BlackTitle "CM"]
[WhiteElo "2321"]
[BlackElo "2205"]
[WhiteFideId "12967068"]
[BlackFideId "2603667"]
[EventDate "2025.05.20"]

1. Nf3 d5 2. g3 Nf6 3. Bg2 c6 4. O-O Bf5 5. c4 e6 6. Qb3 Qb6 7. d3 Nbd7 8. Be3
Bc5 9. Bxc5 Nxc5 10. Qc3 O-O 11. Rc1 Ncd7 12. Nbd2 h6 13. b4 a5 14. a3 Rfd8 15.
Rab1 axb4 16. axb4 Ra2 17. b5 Bh7 18. bxc6 Qxc6 19. Qb3 Qa6 20. Qxb7 dxc4 21.
Qxa6 Rxa6 22. Nxc4 Nd5 23. Nfe5 Nxe5 24. Nxe5 Bf5 25. e4 1-0

[Event "Titled Tue 20th May Early"]
[Site "chess.com INT"]
[Date "2025.05.20"]
[Round "4"]
[White "Burmakin, Vladimir"]
[Black "Vargas Benavides, Mauricio"]
[Result "1-0"]
[WhiteTitle "GM"]
[BlackTitle "FM"]
[WhiteElo "2435"]
[BlackElo "1935"]
[WhiteFideId "4105109"]
[BlackFideId "4404572"]
[EventDate "2025.05.20"]

1. c4 Nf6 2. g3 g6 3. Bg2 Bg7 4. d4 O-O 5. Nc3 c5 6. d5 d6 7. Nh3 a6 8. a4 Qc7
9. Nf4 Re8 10. O-O Nbd7 11. Qc2 Nf8 12. b3 e6 13. dxe6 Nxe6 14. Nxe6 Bxe6 15.
Bb2 Rad8 16. Rad1 Qc8 17. Rfe1 Bh3 18. Bf3 Ng4 19. Nd5 Ne5 20. Bh1 Bf5 21. Qd2
Be6 22. f4 Bxd5 23. Bxd5 Nc6 24. Bxg7 Kxg7 25. Qc3+ f6 26. e3 Nb4 27. Bf3 b6 28.
Rd2 Qe6 29. Bg2 h5 30. Kf2 h4 31. Red1 hxg3+ 32. hxg3 Rd7 33. Rh1 Rde7 34. Re1
Rh8 35. Rh1 Rxh1 36. Bxh1 Rd7 37. Bg2 a5 38. Rd1 Re7 39. Qd2 Rd7 40. Bf3 Qh3 41.
Rh1 Qf5 42. e4 Qe6 43. f5 gxf5 44. Qh6+ Kf7 45. Qh7+ 1-0

[Event "Titled Tue 20th May Early"]
[Site "chess.com INT"]
[Date "2025.05.20"]
[Round "4"]
[White "Novikova, Anna"]
[Black "Leinov, Roman"]
[Result "1-0"]
[WhiteTitle "WIM"]
[BlackTitle "CM"]
[WhiteElo "2179"]
[BlackElo "2120"]
[WhiteFideId "4146794"]
[BlackFideId "13504649"]
[EventDate "2025.05.20"]

1. d4 Nf6 2. c4 e6 3. Nc3 Bb4 4. Qc2 Bxc3+ 5. Qxc3 Ne4 6. Qc2 f5 7. Nf3 b6 8.
Bf4 d6 9. g3 Bb7 10. Bg2 g5 11. Nxg5 Nd7 12. Nxe6 Qf6 13. Nxc7+ Kd8 14. Nxa8
Qxd4 15. e3 Qc5 16. Rd1 Ne5 17. Bg5+ Kc8 18. Be7 Bxa8 19. Bxd6 Nxd6 20. Bxa8
Ndxc4 21. b3 Kc7 22. Bd5 1-0

[Event "Titled Tue 20th May Early"]
[Site "chess.com INT"]
[Date "2025.05.20"]
[Round "4"]
[White "Gadzhiev, Ruslan"]
[Black "Sammed Jaykumar, Shete"]
[Result "1-0"]
[WhiteTitle "CM"]
[BlackTitle "IM"]
[WhiteElo "2169"]
[BlackElo "2377"]
[WhiteFideId "55671926"]
[BlackFideId "5073421"]
[EventDate "2025.05.20"]

1. e4 c5 2. Nf3 Nc6 3. d4 cxd4 4. Nxd4 Nf6 5. Nc3 e5 6. Ndb5 d6 7. Bg5 a6 8. Na3
Be7 9. Nc4 Be6 10. Bxf6 gxf6 11. Nd5 f5 12. exf5 Bxd5 13. Qxd5 Nd4 14. Bd3 b5
15. Nd2 Rc8 16. c3 Nc6 17. a4 b4 18. Bxa6 bxc3 19. bxc3 Rc7 20. Bb5 Qc8 21. Ne4
Kf8 22. f6 Bd8 23. Nxd6 Qd7 24. Rd1 Bxf6 25. O-O Rg8 26. Qf3 Rg6 27. Bd3 Nd4 28.
cxd4 Qxd6 29. Bxg6 hxg6 30. dxe5 Qxe5 31. Rfe1 Qg5 32. Qg3 Ra7 33. Qxg5 Bxg5 34.
Re4 1-0

[Event "Titled Tue 20th May Early"]
[Site "chess.com INT"]
[Date "2025.05.20"]
[Round "4"]
[White "Rodriguez, Eric"]
[Black "Aarit Kapil"]
[Result "0-1"]
[WhiteTitle "FM"]
[BlackTitle "CM"]
[WhiteElo "2258"]
[BlackElo "2098"]
[WhiteFideId "2023628"]
[BlackFideId "33408947"]
[EventDate "2025.05.20"]

1. b3 Nf6 2. Bb2 g6 3. e4 Bg7 4. Qe2 O-O 5. Nc3 c6 6. e5 Nd5 7. Nxd5 cxd5 8. f4
d6 9. Nf3 Nc6 10. h3 dxe5 11. fxe5 f6 12. exf6 exf6 13. O-O-O Qa5 14. Kb1 Bf5
15. d3 Rac8 16. a3 Rfe8 17. Qf2 Bf8 18. a4 b5 19. Nd4 bxa4 20. Nxf5 axb3 21. c4
Qa2+ 22. Kc1 gxf5 23. Qxf5 Bh6+ 0-1

[Event "Titled Tue 20th May Early"]
[Site "chess.com INT"]
[Date "2025.05.20"]
[Round "4"]
[White "Malyshev, Vasilij"]
[Black "Galchenko, Matvey"]
[Result "0-1"]
[WhiteTitle "IM"]
[BlackTitle "IM"]
[WhiteElo "2353"]
[BlackElo "2442"]
[WhiteFideId "4105346"]
[BlackFideId "24175480"]
[EventDate "2025.05.20"]

1. d4 Nf6 2. c4 c5 3. Nf3 cxd4 4. Nxd4 e5 5. Nb5 d5 6. cxd5 Bc5 7. N5c3 O-O 8.
e3 e4 9. Be2 Qe7 10. a3 Rd8 11. b4 Bb6 12. Bb2 Nbd7 13. Nd2 a5 14. Nc4 Ba7 15.
d6 Qe6 16. Nb5 Bb8 17. Nc7 Bxc7 18. dxc7 Rf8 19. bxa5 Nd5 20. Qd4 N7f6 21. Nb6
Rxa5 22. Nxc8 Rxc8 23. Rc1 h5 24. O-O Qe7 25. Rfd1 Rxc7 26. Rxc7 Qxc7 27. Bc4
Ra4 28. Rc1 b5 29. Bxd5 Rxd4 30. exd4 Qf4 31. Bb3 Ng4 0-1

[Event "Titled Tue 20th May Early"]
[Site "chess.com INT"]
[Date "2025.05.20"]
[Round "4"]
[White "Ersoz, Teoman Guney"]
[Black "May Sanchez, Andres Elias"]
[Result "0-1"]
[WhiteTitle "CM"]
[WhiteElo "2090"]
[BlackElo "2209"]
[WhiteFideId "44537050"]
[BlackFideId "5150973"]
[EventDate "2025.05.20"]

1. e4 c5 2. Nf3 g6 3. d4 cxd4 4. Nxd4 Bg7 5. c4 Nc6 6. Be3 Qb6 7. Nb5 Qa5+ 8.
N1c3 Nf6 9. f3 O-O 10. Be2 a6 11. Nd4 d6 12. O-O Bd7 13. Nd5 Nxd5 14. cxd5 Nxd4
15. Bxd4 Rac8 16. Bxg7 Kxg7 17. Qd4+ Kg8 18. Rfc1 Rc7 19. Rxc7 Qxc7 20. Rd1 Rc8
21. Kf2 h5 22. g3 Qc2 23. Rd2 Qb1 24. Rd1 Qxa2 25. Qb6 Rc2 26. Qd8+ Kg7 27. Qxd7
Qxb2 28. Re1 a5 29. Qxe7 a4 30. Qxd6 a3 31. e5 a2 32. Qf6+ Kg8 33. d6 a1=Q 34.
Rxa1 Rxe2+ 35. Kg1 Rg2+ 36. Kh1 Rxh2+ 37. Kg1 Qg2# 0-1

[Event "Titled Tue 20th May Early"]
[Site "chess.com INT"]
[Date "2025.05.20"]
[Round "4"]
[White "Gonzalez Vega, Alejandro"]
[Black "Ramu, K."]
[Result "0-1"]
[WhiteTitle "FM"]
[BlackTitle "FM"]
[WhiteElo "2092"]
[BlackElo "2151"]
[WhiteFideId "3510042"]
[BlackFideId "5006171"]
[EventDate "2025.05.20"]

1. d4 Nf6 2. c4 g6 3. Nc3 Bg7 4. Nf3 d6 5. Bf4 O-O 6. e3 b6 7. Be2 Bb7 8. O-O
Nbd7 9. h3 Ne4 10. Nxe4 Bxe4 11. Nd2 Bb7 12. Rc1 c5 13. Nf3 Rc8 14. b3 Re8 15.
Bg3 Qc7 16. d5 Rcd8 17. e4 Bc8 18. Bd3 e5 19. dxe6 Rxe6 20. Bc2 Bb7 21. Ng5 Re5
22. f4 Ree8 23. f5 Bd4+ 24. Kh1 Rf8 25. Qg4 Ne5 26. Qh4 f6 27. Ne6 Qf7 28. Nxd8
Rxd8 29. fxg6 Nxg6 30. Qxf6 Bxf6 0-1

[Event "Titled Tue 20th May Early"]
[Site "chess.com INT"]
[Date "2025.05.20"]
[Round "4"]
[White "Skytte, Robert"]
[Black "Wanyama, Harold"]
[Result "0-1"]
[BlackTitle "FM"]
[WhiteElo "2007"]
[BlackElo "2132"]
[WhiteFideId "1471775"]
[BlackFideId "10000380"]
[EventDate "2025.05.20"]

1. e4 c5 2. Nf3 e6 3. d4 cxd4 4. Nxd4 Nc6 5. c4 Nf6 6. Nc3 Bb4 7. Qd3 d5 8. exd5
exd5 9. Nxc6 bxc6 10. Be3 O-O 11. Be2 Be6 12. O-O dxc4 13. Qxd8 Rfxd8 14. Rac1
Nd5 15. Bd4 Nf4 16. Be3 Bxc3 17. Bxf4 Bxb2 18. Rc2 c3 19. Be5 Bf5 20. Bxc3 Bxc2
21. Bxb2 Bd3 22. Bxd3 Rxd3 23. g3 Rad8 24. Be5 Rd1 25. Rxd1 Rxd1+ 26. Kg2 Rd2
27. Bb8 Rxa2 28. h4 f5 29. Bc7 Kf7 30. Kf3 g6 31. Bf4 Ke6 32. Bg5 a5 33. Bf4 a4
34. Be3 a3 35. Bc5 Ra1 36. Bd4 Rb1 37. Bc5 a2 38. Bd4 a1=Q 39. Bxa1 Rxa1 40. Ke3
Ra4 41. Kd3 0-1

[Event "Titled Tue 20th May Early"]
[Site "chess.com INT"]
[Date "2025.05.20"]
[Round "4"]
[White "Maltsevskaya, Aleksandra"]
[Black "Onyshchuk, Volodymyr"]
[Result "0-1"]
[WhiteTitle "IM"]
[BlackTitle "GM"]
[WhiteElo "2398"]
[BlackElo "2602"]
[WhiteFideId "24174041"]
[BlackFideId "14114038"]
[EventDate "2025.05.20"]

1. e4 d6 2. d4 g6 3. Nf3 Bg7 4. c3 Nf6 5. Bd3 O-O 6. O-O Nbd7 7. Nbd2 e5 8. Re1
Re8 9. Nf1 d5 10. dxe5 dxe4 11. exf6 Nxf6 12. Bg5 exd3 13. Rxe8+ Qxe8 14. Qxd3
Bf5 15. Qc4 c6 16. Nd4 Bd7 17. a4 Nd5 18. Bd2 Qf8 19. Re1 Re8 20. Rxe8 Qxe8 21.
Ne3 Nxe3 22. Bxe3 b6 23. a5 Qe4 24. axb6 axb6 25. h3 c5 0-1

[Event "Titled Tue 20th May Early"]
[Site "chess.com INT"]
[Date "2025.05.20"]
[Round "4"]
[White "Punin, Andrii"]
[Black "Rustemov, Alexander"]
[Result "0-1"]
[WhiteTitle "FM"]
[BlackTitle "GM"]
[WhiteElo "2289"]
[BlackElo "2525"]
[WhiteFideId "14112639"]
[BlackFideId "4119002"]
[EventDate "2025.05.20"]

1. e4 e6 2. d4 d5 3. Nc3 Bb4 4. e5 c5 5. a3 Bxc3+ 6. bxc3 Ne7 7. Qg4 O-O 8. Bd3
Qa5 9. Ne2 Nd7 10. Bxh7+ Kxh7 11. Qh4+ Kg8 12. Qxe7 cxd4 13. Bd2 dxc3 14. Bxc3
Qa4 15. h4 b6 16. h5 Ba6 17. Nd4 Nxe5 18. h6 Qc4 19. Rh3 Qf1+ 20. Kd2 Nc4# 0-1